000 00342nam a2200145Ia 4500
008 230718s9999 xx 000 0 und d
041 _aEng.
082 _a519.5
_bCH.-I
100 _ach. Prof. Shes M
245 0 _aIntroduction to Start fast (24
260 _aPakistan
_bIlmi kilahka
_c2007
300 _a579
650 _aLaw
999 _c26463
_d26463